<?xml version="1.0" encoding="UTF-8"?>
<record
    xmlns:xsi="http://www.w3.org/2001/XMLSchema-instance"
    xsi:schemaLocation="http://www.loc.gov/MARC21/slim http://www.loc.gov/standards/marcxml/schema/MARC21slim.xsd"
    xmlns="http://www.loc.gov/MARC21/slim">

  <leader>00702cam a22002298i 4500</leader>
  <datafield tag="999" ind1=" " ind2=" ">
    <subfield code="c">118334</subfield>
    <subfield code="d">118334</subfield>
  </datafield>
  <controlfield tag="001">20656067</controlfield>
  <controlfield tag="005">20200831173614.0</controlfield>
  <controlfield tag="008">180904s2019    pau     ob    001 0 eng  </controlfield>
  <datafield tag="020" ind1=" " ind2=" ">
    <subfield code="a">9780803658981 ()</subfield>
  </datafield>
  <datafield tag="040" ind1=" " ind2=" ">
    <subfield code="c">PK-LaUMT</subfield>
  </datafield>
  <datafield tag="082" ind1="0" ind2="0">
    <subfield code="a">612.75</subfield>
    <subfield code="2">23</subfield>
    <subfield code="b">JOI-</subfield>
  </datafield>
  <datafield tag="245" ind1="0" ind2="0">
    <subfield code="a">Joint structure and function :</subfield>
    <subfield code="b">a comprehensive analysis /</subfield>
    <subfield code="c">edited by Pamela K. Levangie, Cynthia C. Norkin,  and Michael D. Lewek</subfield>
  </datafield>
  <datafield tag="250" ind1=" " ind2=" ">
    <subfield code="a">6th ed.</subfield>
  </datafield>
  <datafield tag="260" ind1=" " ind2=" ">
    <subfield code="a">Philadelphia :</subfield>
    <subfield code="b">F. A. Davis,</subfield>
    <subfield code="c">2019</subfield>
  </datafield>
  <datafield tag="300" ind1=" " ind2=" ">
    <subfield code="a">535 p.</subfield>
  </datafield>
  <datafield tag="650" ind1="1" ind2="2">
    <subfield code="a">Joints</subfield>
    <subfield code="x">anatomy &amp; histology</subfield>
  </datafield>
  <datafield tag="650" ind1="2" ind2="2">
    <subfield code="a">Joints</subfield>
    <subfield code="x">physiology</subfield>
  </datafield>
  <datafield tag="700" ind1="1" ind2=" ">
    <subfield code="a">Levangie, Pamela K.,</subfield>
  </datafield>
  <datafield tag="700" ind1="1" ind2=" ">
    <subfield code="a">Norkin, Cynthia C.,</subfield>
  </datafield>
  <datafield tag="700" ind1="1" ind2=" ">
    <subfield code="a">Lewek, Michael D.,</subfield>
  </datafield>
  <datafield tag="942" ind1=" " ind2=" ">
    <subfield code="c">BK</subfield>
  </datafield>
  <datafield tag="952" ind1=" " ind2=" ">
    <subfield code="0">0</subfield>
    <subfield code="1">0</subfield>
    <subfield code="4">0</subfield>
    <subfield code="7">0</subfield>
    <subfield code="a">HSC</subfield>
    <subfield code="b">HSC</subfield>
    <subfield code="d">2020-08-31</subfield>
    <subfield code="l">0</subfield>
    <subfield code="o">612.75 JOI-</subfield>
    <subfield code="p">134635</subfield>
    <subfield code="r">2020-08-31 00:00:00</subfield>
    <subfield code="w">2020-08-31</subfield>
    <subfield code="y">BK</subfield>
  </datafield>
</record>
